L'endoscopie tordue n'est past si tordue /
Guardado en:
| Autor Principal: | |
|---|---|
| Formato: | Libro |
| Idioma: | French |
| Publicado: |
Providence, R.I. :
American Mathematical Society,
c2008.
|
| Series: | Memoirs of the American Mathematical Society,
no. 908 |
| Materias: | |
| Etiquetas: |
Agregar Etiqueta
Sin Etiquetas, Sea el primero en etiquetar este registro!
|
| LEADER | 00966cam a2200265 a 4500 | ||
|---|---|---|---|
| 001 | MAT.inmabb005027 | ||
| 008 | 080222s2008####riu######b####000#0#fre## | ||
| 005 | 20171010164132.0 | ||
| 245 | 1 | 2 | |a L'endoscopie tordue n'est past si tordue / |c J.-L. Waldspurger. |
| 260 | |a Providence, R.I. : |b American Mathematical Society, |c c2008. | ||
| 300 | |a ix, 261 p. ; |c 26 cm. | ||
| 440 | 0 | |a Memoirs of the American Mathematical Society, |x 0065-9266 ; |v no. 908 | |
| 500 | |a "Volume 194, number 908 (third of 4 numbers)." | ||
| 504 | |a Incluye referencias bibliográficas (p. 261). | ||
| 510 | 4 | |a MR, |c 2011d:22020 | |
| 020 | |a 9780821844694 | ||
| 020 | |a 0821844695 | ||
| 100 | 1 | |a Waldspurger, Jean-Loup, |d 1953- | |
| 650 | 0 | |a Lie groups. | |
| 650 | 0 | |a Linear algebraic groups. | |
| 650 | 0 | |a Representations of groups. | |
| 084 | |a 22E50 (11R34 22E35) |2 msc2000 | ||
| 010 | |a 2008008510 | ||
| 040 | |a DLC |c DLC |d YDX |d YDXCP |d BAKER |d BTCTA |d ORE |d DLC | ||
| 859 | |k H |p MAMS-908 |b BIB. MATEMATICA | ||
